📖✒ "Complainte de Vincent" Prévert - Statistiques

Statistiques générales
  • Ce quiz a Ă©tĂ© pris 18 fois
  • Le rĂ©sultat moyen est 164 sur 283
Statistiques - réponses
Mots % Correct
A
100%
a
100%
Ă 
100%
ce
100%
d'
100%
D'
100%
de
100%
De
100%
en
100%
En
100%
et
100%
Et
100%
Il
100%
l'
100%
L'
100%
le
100%
Le
100%
les
100%
lui
100%
ne
100%
par
100%
plus
100%
qui
100%
Qui
100%
s'
100%
Se
100%
ses
100%
si
100%
son
100%
Son
100%
Un
100%
un
100%
une
100%
Au
83%
au-
83%
aux
83%
beau
83%
ceux
83%
Dans
83%
dans
83%
elle
83%
femme
83%
homme
83%
la
83%
lĂ 
83%
oĂą
83%
OĂą
83%
sans
83%
sur
83%
amour
67%
encore
67%
mĂŞme
67%
nom
67%
pas
67%
tout
67%
toute
67%
va
67%
vie
67%
Vincent
67%
Arles
50%
Avec
50%
bien
50%
bleu
50%
Comme
50%
comme
50%
dessus
50%
du
50%
enfant
50%
grands
50%
mort
50%
regard
50%
rien
50%
sang
50%
soleil
50%
Couché
33%
devant
33%
doux
33%
éclatant
33%
jaune
33%
lumière
33%
mer
33%
orange
33%
pauvre
33%
plainte
33%
rouge
33%
sont
33%
âge
17%
art
17%
carrelage
17%
chambre
17%
demi
17%
donnent
17%
écroule
17%
enfuit
17%
fait
17%
folle
17%
fou
17%
Mélange
17%
mĂŞlent
17%
oreille
17%
pleure
17%
près
17%
regarde
17%
Regarde
17%
reste
17%
RhĂ´ne
17%
rond.
17%
seule
17%
tableau
17%
tendre
17%
tourne
17%
tristes
17%
vont
17%
vrai
17%
absurde
0%
affreux
0%
arrive
0%
atroce
0%
bordel
0%
calmé
0%
carreau
0%
comprendre
0%
coquillage
0%
couchée
0%
désert
0%
devient
0%
dormant
0%
éblouissant
0%
édredon
0%
Foudroyé
0%
génie
0%
hurlant
0%
image
0%
indifférent
0%
inhumaines
0%
jaloux
0%
linge
0%
lucide
0%
mage
0%
midi
0%
misère
0%
montre
0%
mourir
0%
murmures
0%
nue
0%
obsédante
0%
orage
0%
oser
0%
phosphore
0%
plaintes
0%
Pourchassé
0%
Pousse
0%
prendre
0%
présages
0%
présent
0%
propre
0%
râlant
0%
rĂŞvant
0%
roi
0%
roulant
0%
roule
0%
sage
0%
Songeant
0%
soudain
0%
strident
0%
tonneaux
0%
voix
0%
Aucun quiz correspondant
Distribution des résultats
% des personnes avec chaque résultat
Percentile par nombre de réponses
Votre historique - résultats
Vous n’avez pas pris ce quiz